Race Courses (UK & Ireland) Quiz Stats

 Plays Quiz Updated Dec 27, 2019

Support Sporcle.
Go Orange.
Score 0/87 Timer 13:00
2 Plays Today
% Correct
Aintree
90.6%
Ascot
88.9%
Cheltenham
81.5%
Ayr
78.3%
York
76.5%
Newcastle
75.6%
Newmarket
74%
Epsom
74%
Doncaster
72.1%
Wolverhampton
70.9%
Kempton
68.3%
Exeter
67.2%
Lingfield
66.7%
Chester
66.4%
Chelmsford
65.6%
Chepstow
65.5%
Sandown
64.3%
Brighton
64.3%
Cork
63.1%
Curragh
63%
Newbury
62.8%
Bath
62.5%
Carlisle
61.5%
Goodwood
61%
Leicester
60.8%
Musselburgh
60.8%
Leopardstown
59.3%
Haydock
59.2%
Uttoxeter
58.7%
% Correct
Nottingham
58.4%
Bangor
56.9%
Punchestown
56.6%
Southwell
56.3%
Galway
55.5%
Fairyhouse
54.2%
Great Yarmouth
53.9%
Redcar
53.6%
Perth
53.4%
Wincanton
53.2%
Worcester
53.2%
Naas
53.1%
Newton Abbot
52.3%
Dundalk
52.3%
Windsor
52.2%
Ripon
52.2%
Catterick
52.1%
Market Rasen
51.8%
Limerick
51.8%
Warwick
51.3%
Towcester
50.6%
Down Royal
50.2%
Hereford
50.2%
Fakenham
50%
Cartmel
49.7%
Taunton
49.6%
Kelso
49.6%
Huntingdon
48.1%
Beverley
48.1%
% Correct
Wexford
47.9%
Plumpton
47.8%
Wetherby
47.7%
Hexham
47.6%
Pontefract
46.4%
Fontwell
46.3%
Ffos Las
46%
Downpatrick
45.4%
Navan
45.1%
Thirsk
44.7%
Sedgefield
44.5%
Ludlow
44.4%
Hamilton
43.6%
Sligo
43.5%
Salisbury
42.9%
Ballinrobe
42%
Folkestone
41.7%
Tipperary
41.6%
Killarney
41.5%
Clonmel
40.4%
Laytown
39.5%
Stratford
39.4%
Thurles
38.8%
Tramore
38.2%
Listowel
37.3%
Bellewstown
37.1%
Roscommon
36.8%
Gowran Park
36.5%
Kilbeggan
34.2%

From the Vault

Dynamic Duos by First Names

by Noldeh

What? No Matt and Derek?
Remove Ads.
Support Sporcle.
Get the best of Sporcle when you Go Orange. This ad-free experience offers more features, more stats, and more fun while also helping to support Sporcle. Thank you for becoming a member.

Show Comments

Extras

Top Quizzes Today


Score Distribution

Your Account Isn't Verified!

In order to create a playlist on Sporcle, you need to verify the email address you used during registration. Go to your Sporcle Settings to finish the process.

Report this User

Report this user for behavior that violates our Community Guidelines.

Details: